Cercles de Comparació Intermunicipals : any 2001 any 2001
Descripción Física:
[ca.120] fulls : gràfics ; 30 cm
MARC
| LEADER | 00000nam a2200000Ia 4500 | ||
|---|---|---|---|
| 001 | 16424 | ||
| 008 | 160829s9999 xx 000 0 cat d | ||
| 080 | |a S-1-203 | ||
| 245 | |a Cercles de Comparació Intermunicipals : |b any 2001 | ||
| 260 | |a [Barcelona] : |b Diputació de Barcelona, Àrea de Benestar Social, [2001?] | ||
| 300 | |a [ca.120] fulls : |b gràfics ; |c 30 cm | ||
| 590 | |a Després del títol: Informe del treball desenvolupat en el cercle de comparació intermunicipal de serveis socials: equips bàsics d'atenció social primària, servei d'ajut a domicili, centres oberts. | ||
| 590 | |a Fotocòpies de l'original | ||
| 650 | 0 | |a Serveis socials |x Barcelona (Catalunya : Província) |9 36719 | |
| 710 | 1 | |a Barcelona (Catalunya : Província). |b Àrea de Benestar Social |9 52988 | |
| 901 | |a Arxiu | ||
| 942 | |n 1 | ||
| 952 | |0 0 |1 0 |4 0 |6 S1203 |7 1 |9 47458 |a Arxiu |b Arxiu |d 2016-12-01 |l 0 |o S-1-203 |p 16424 |r 2016-12-01 00:00:00 |w 2016-12-01 |y ARXIU | ||
| 999 | |c 51256 |d 51256 | ||